| 000 | 00355nam a2200133 a 4500 | ||
|---|---|---|---|
| 001 | 5153 | ||
| 003 | CDMR | ||
| 005 | 20130116135305.0 | ||
| 008 | 130130s1981||||||||||||||||||||||||||||d | ||
| 040 |
_aCDMR _bcat _cCDMR |
||
| 245 | 0 | _aList of documents and publications in the field of mass communications 1980 NÂș 6 | |
| 260 |
_aParis _c1981 _bUnesco |
||
| 942 | _cMON | ||
| 999 |
_c5153 _d5153 |
||